| 000 | 01016nam a22002775a 4500 | ||
|---|---|---|---|
| 003 | OSt | ||
| 005 | 20161221152959.0 | ||
| 008 | 161221s2013 ua frb 000 0 ara d | ||
| 015 | _a2012/20001 | ||
| 020 | _a9789770471340 | ||
| 040 |
_aEG-ScBUE _bara _cEG-ScBUE |
||
| 043 | _af-ua--- | ||
| 082 | 0 | 4 |
_a346.620437 _bش هـ ا _222 |
| 100 | 1 | _aشهاوي، محمد. | |
| 245 | 1 | 0 |
_aإجراءات تسجيل العقود في الشهر العقاري / _cمحمد الشهاوي. |
| 250 | _aط. 1. | ||
| 260 |
_aالقاهرة : _bدار النهضة العربية، _c2013. |
||
| 300 |
_a143 ص. ؛ _c24 سم. |
||
| 504 | _aيشتمل على إرجاعات ببليوجرافية. | ||
| 650 | 7 |
_aالشهر العقاري _xقوانين وتشريعات _zمصر. _2BUEsh |
|
| 650 | 7 |
_aالتوثيق العقاري _xقوانين وتشريعات _zمصر. _2BUEsh |
|
| 650 | 7 |
_aالعقود (قانون مدنى) _zمصر. _2BUEsh _940832 |
|
| 651 | _2BUEsh | ||
| 653 |
_bLLAAWW _cDecember2016 |
||
| 942 | _2ddc | ||
| 999 |
_c23678 _d23650 |
||